Регионална библиотека "Любен Каравелов" - Русе

Десетте най-добри спортисти на Русенски окръг 1982 г. (Запис номер 447073)

MARC детайли
000 -Лидер
Контролно поле с фиксирана дължина 01104nam a2200265 a 4500
003 - Код на организацията, давaща контролен номер
Контролно поле BLK
005 - Дата и час на последна редакция
Контролно поле 20230808085615.0
008 - Елементи от данни с фиксирана дължина
fixed length control field 220302b bul|||||r ||||||| ||bul||
040 ## - Източник на каталожния запис
Идентификатор на билиотеката - собственик на записа BLK
041 ## - Код за език
Код за езика на текст/звукозапис или на отделно заглавие Български
Код за езика КДБФ Български
080 ## - УДК
Текстов определител УДК Спортисти - Професионални спортисти, треньори, учители в спортни школи и спорт. у-ща, спорт. журналисти, съдии, жури и др.
УДК код - определител по УДК 796.071
УДК определител (062)
УДК - код + определител 796.071(062)
139 ## - Редно поле
Авторски знак Дес - Д 45
245 10 - Сведения за заглавието
Заглавие Десетте най-добри спортисти на Русенски окръг 1982 г.
Физически носител (вид на носителя) [Малотир. изд.]
260 ## - Област на издателските данни
Място на издаване, разпространение и проч. Русе
Име на издателя, разпространителя и проч. ЦС на БСФС
Година на издаване 1983
9 (RLIN) 221257
300 ## - Физическа характеристика
Страници 13 с.
Размери/Мащаб 20 см
380 ## - Жанр
Жанр 793/799 Спорт
500 ## - Общи забележки
Забележка Бълг. съюз за физическа култура и спорт, Окр. съвет - Русе
653 #7 - Ключова дума – ненормативна
9 (RLIN) 195870
Ключова дума русенски спортисти
653 #7 - Ключова дума – ненормативна
9 (RLIN) 197146
Ключова дума спорт
852 ## - Местоположение
Фондова буква Краезнание
Систематично-азбучна сигнатура К 796/799/Д 45
856 ## - Електронен адрес и достъп
Инструкция (цена за достъп) 0.00
Права за достъп disable
999 ## - СИСТЕМНИ КОНТРОЛНИ НОМЕРА
Koha biblionumber 447073
Koha biblioitemnumber 447073
942 ## - АРТИКУЛИ
Вид на библиотечния материал Книги
Скрит в OPAC Не
Периодичен библиозапис Да
Koha issues (borrowed), all copies 1
944 ## - СЪЗДАВАНЕ И РЕДАКЦИЯ на ЗАПИСА
Създаване/Редакция Създаване
Дата на регистрацията/редакция 2022-03-04
Служител, извършил регистрацията/редакцията 30570
Статус, дата на статуса Моника Янева
999 ## - СИСТЕМНИ КОНТРОЛНИ НОМЕРА
Koha biblioitemnumber 447073
Наличности
Код за отписване Код за изгубен артикул Източник на класификационната схема Код за повреда Коз за рестрикции Код за отдаване Артикулен № Име на библиотеката - собственик Име на библиотеката, в която се намира в момента Статус (Текущо местоположение) Дата на вписване в системата Местоположение - отдел Цена в лева Систематично азбучна сигнатура Баркод Цена в евро Служебен тип на артикула
  Не е изгубен Universal Decimal Classification Не е повреден само за читалня ползва се в читалня 874854 Регионална библиотека "Любен Каравелов" Русе Регионална библиотека "Любен Каравелов" Русе Краезнание 2022-03-11 Краезнание 1.00 К 796/799/Д 45 120000867895 0.51 Книги
Vip Innovations Ltd, Rousse, Bulgaria 2025